Loading...
| History - World | 0 | 7 | 0 | 1 | 70 | 68 | 113.00 | 1 | 4 | 0.00 | 0.00 |
| History - European | 0 | 7 | 2 | 2 | 60 | 77 | 97.14 | 0 | 2 | 0.00 | 0.00 |
| History - American | 0 | 6 | 2 | 0 | 50 | 50 | 81.00 | 2 | 5 | 0.00 | 0.00 |
| Current Events | 0 | 3 | 0 | 0 | 30 | 61 | 93.67 | 1 | 1 | 0.00 | 0.00 |
| Mythology | 0 | 3 | 0 | 1 | 30 | 114 | 126.00 | 0 | 0 | 0.00 | 0.00 |
| Social Science | 0 | 3 | 1 | 0 | 25 | 75 | 78.67 | 1 | 3 | 0.00 | 0.00 |
| History - Other | 0 | 3 | 1 | 0 | 25 | 29 | 78.33 | 2 | 3 | 0.00 | 0.00 |
| Philosophy | 0 | 2 | 0 | 0 | 20 | 120 | 123.50 | 0 | 0 | 0.00 | 0.00 |
| Geography | 0 | 2 | 0 | 0 | 20 | 126 | 127.50 | 0 | 0 | 0.00 | 0.00 |
| Other Academic | 0 | 2 | 0 | 0 | 20 | 94 | 95.50 | 0 | 1 | 0.00 | 0.00 |
| Science - Other | 0 | 2 | 0 | 0 | 20 | 114 | 117.50 | 0 | 0 | 0.00 | 0.00 |
| Religion | 0 | 1 | 0 | 0 | 10 | 32 | 32.00 | 1 | 1 | 0.00 | 0.00 |
| Fine Arts - Other | 0 | 1 | 0 | 0 | 10 | 141 | 141.00 | 0 | 0 | 0.00 | 0.00 |
| Literature - World | 0 | 1 | 0 | 1 | 10 | 154 | 154.00 | 0 | 1 | 0.00 | 0.00 |